000 00403pab a2200145 454500
008 180718b xxu||||| |||| 00| 0 eng d
100 _aIntodia, S.L.
245 _aParticipatory training in developing effective teaching skills of field functionaries
650 _a Case Study, Trainer
650 _a Participatory Training
650 _aTraining
700 _aUpadhyaya
773 _aIJTD
909 _a2810
999 _c2810
_d2810